Statistics for Plus grandes villes d'Isère

Click here to take the quiz!

General Stats

  • This quiz has been taken 46 times
  • The average score is 10 of 17

Answer Stats

Hint Answer % Correct
159 953Grenoble
100%
36 298Echirolles
85%
20 260Voiron
82%
37 484Saint Martin d'Hères
77%
29 596Vienne
72%
27 049Bourgoin Jallieu
69%
22 454Fontaine
67%
18 357Meylan
64%
16 390Saint Egrève
56%
8 669Crolles
54%
9 891Eybens
49%
10 106Voreppe
46%
11 502Sassenage
41%
16 103L'Isle d'Abeau
36%
12 417Seyssinet Pariset
26%
18 388Villefontaine
23%
11 259Le Pont de Claix
13%

Score Distribution

Percentile by Number Answered

Percent of People with Each Score

Your Score History

You have not taken this quiz